| 000 | 01137nam a2200337 i 4500 | ||
|---|---|---|---|
| 001 | 12362 | ||
| 003 | KOSZ 005 | ||
| 005 | 20201216090818.0 | ||
| 008 | 070925s1968 pl a f f |000 0 pol | ||
| 015 | _aPB 1968/10094 | ||
| 035 | _a(OCoLC)749495166 | ||
| 040 |
_aWA N _cWA N _dKOSZ 005/EG |
||
| 041 | 1 |
_apol _heng |
|
| 046 | _k1968 | ||
| 080 | _a577.3 | ||
| 080 | _a(07) | ||
| 100 | 1 |
_aAckerman, Eugene _d(1920- ). _eAutor |
|
| 245 | 1 | 0 |
_aZarys biofizyki / _cEugene Ackerman ; tł. Maciej Geller, Krzysztof Szymborski. |
| 246 | 1 |
_iTyt. oryg.: _aBiophysical science. |
|
| 260 |
_aWarszawa : _bPaństwowe Wydawnictwo Naukowe, _c1968. |
||
| 300 |
_aX, [2], 565, [2] s. : _bil., err. ; _c23 cm. |
||
| 380 | _aKsiążki. | ||
| 504 | _aBibliogr. | ||
| 655 | 4 | _aPodręczniki | |
| 650 | 4 | _aBiofizyka | |
| 700 | 1 |
_aGeller, Maciej _d(1941-2014). _eTłumaczenie |
|
| 700 | 1 |
_aSzymborski, Krzysztof. _eTłumaczenie. |
|
| 710 |
_aPaństwowe Wydawnictwo Naukowe _4pbl. |
||
| 856 |
_uhttp://koha.tu.koszalin.pl/cgi-bin/koha/opac-detail.pl?biblionumber=12362 _yKatalog online BPK |
||
| 942 |
_2UKD _cKS |
||
| 999 |
_c12362 _d12362 |
||